00438nam a2200145Ia 4500001001000000003000500010008004100015010001100056040000900067100001900076245007600095500007400171650002600245650002100271Para_7295CHAP220125s9999 xx 000 0 und d a206183 cCHAP aArmitage, H.M. aState surveys in relation to National insect problems /c H.M. Armitage aSobretiro de: Journal of Economic Entomology, 46 (6): 1123-1125, 1953 aAgricultura x plagas aFruta x plagas